| 000 | 00348 a2200109 4500 | ||
|---|---|---|---|
| 001 | ART_11411 | ||
| 005 | 20260410161857.0 | ||
| 008 | 260409a | ||
| 245 | 1 | 0 | _aTeorías de inflación y planes de estabilización en Argentina |
| 100 | 1 | _aVisintini, Alfredo | |
| 773 | 0 |
_tRevista de Economía _g- Nº 62 (ene./mar. 1991) _wREV11077 |
|
| 999 |
_c25548 _d25548 |
||